KFZ Kennzeichen - Saarland - Statistiken

Allgemein
  • Dieses Quiz wurde 132 mal gespielt
  • Das Durchschnittsergebnis liegt bei 7 aus 10
Antwortstatistiken
Abkürzung Stadt/Landkreis % Korrekt
HOM Homburg
98%
SB Saarbrücken
98%
SLS Saarlouis
91%
NK Neunkirchen
89%
VK Völklingen
87%
OTW Ottweiler
79%
IGB Saint Ingbert
79%
MZG Merzig-Wadern
57%
WND Wendel
46%
SAL Saarländischer Landtag
20%
Keine übereinstimmenden Quizze gefunden
Verteilung der Resultate
Anzahl Personen mit jedem Resultat
Perzentil nach korrekt beantworteten Fragen
Ihre Resultats-Entwicklung
Sie haben dieses Quiz noch nicht gespielt